Olympians by Country - Australia - Statistics

General Stats
  • This quiz has been taken 27 times
  • The average score is 12 of 32
Answer Stats
Picture Answer % Correct
Ian Thorpe
76%
Kaylee McKeown
68%
Emma McKeon
64%
Ariarne Titmus
60%
Cathy Freeman
60%
Jessica Fox
56%
Patty Mills
56%
Anna Meares
40%
Cate Campbell
40%
Grant Hackett
40%
Kieren Perkins
40%
Kyle Chalmers
40%
Leisel Jones
40%
Steven Bradbury
40%
Dawn Fraser
36%
Mollie O'Callaghan
36%
Shane Gould
36%
Alisa Camplin
32%
Betty Cuthbert
32%
Emily Seebohm
32%
Lauren Jackson
32%
Andrew Hoy
28%
Matthew Mitcham
28%
Nina Kennedy
28%
Zac Stubblety-Cook
28%
Murray Rose
24%
Peter Norman
20%
Drew Ginn
16%
Shirley Strickland
16%
James Tomkins
12%
Rechelle Hawkes
12%
Matthew Ryan
4%
No matching quizzes found
Score Distribution
Percent of People with Each Score
Percentile by Number Answered
Your Score History
You have not taken this quiz